Statistics for Movies with People's Names in the Title

Click here to take the quiz!

General Stats

  • This quiz has been taken 138 times
    (29 since last reset)
  • The average score is 22 of 30

Answer Stats

DateMovie% Correct
1959{Ben}-Hur
100%
2008The Curious Case of {Benjamin} Button
96%
1953Calamity {Jane}
96%
2003Kill {Bill}: Vol 1
96%
1988Who Framed {Roger} Rabbit
93%
1997Good {Will} Hunting
93%
1962{Lawrence} of Arabia
93%
1967{Bonnie} and Clyde
93%
1990{Edward} Scissorhands
93%
1997{George} of the Jungle
89%
1996{Jerry} Maguire
89%
1997{Anna} Karenina
85%
2012Wreck-It {Ralph}
85%
1980Flash {Gordon}
85%
1959The Diary of Anne {Frank}
85%
1998There's something about {Mary}
81%
1953Kiss me {Kate}
81%
2014{Jack} Ryan: Shadow Recruit
78%
1993What's Eating {Gilbert} Grape
78%
1967Cool Hand {Luke}
74%
2004{Shaun} of the Dead
74%
1977{Annie} Hall
70%
1986{Hannah} and her Sisters
67%
1950All about {Eve}
67%
1979Life of {Brian}
48%
1995{Dolores} Claiborne
41%
1942Gentleman {Jim}
30%
2008{Max} Payne
22%
2014Still {Alice}
22%
2008Last Chance {Harvey}
4%

Score Distribution

Percentile by Number Answered

Percent of People with Each Score

Your Score History

You have not taken this quiz since the last reset